[Event "North American-ch U20"]
[Site "Charlotte"]
[Date "2019.06.28"]
[Round "6"]
[White "Liang, Justin S"]
[Black "Su, Kenneth"]
[Result "1-0"]
[WhiteElo "2020"]
[BlackElo "1888"]
[PlyCount "93"]
[EventDate "2019.06.26"]
[EventType "swiss"]
[EventRounds "9"]
[EventCountry "USA"]
[SourceTitle "CBM 191 Extra"]
[Source "ChessBase"]
[SourceDate "2019.09.30"]
[SourceVersion "1"]
[SourceVersionDate "2019.09.30"]
[SourceQuality "1"]

1. d4 Nf6 2. c4 g6 3. Nc3 Bg7 4. e4 d6 5. Nf3 0-0 6. Be2 e5 7. 0-0 Na6 8. Be3 Ng4 9. Bg5 Qe8 10. h3 exd4 11. Nxd4 Nf6 12. Bf3 Nc5 13. Re1 h6 14. Bh4 Ne6 15. Nf5 Ng5 16. Nxg7 Kxg7 17. Be2 Qc6 18. Bf1 Re8 19. f3 Bd7 20. Bf2 Rad8 21. b4 b6 22. Qd3 Qb7 23. Bd4 Ngh7 24. f4 c5 25. Bxf6+ Nxf6 26. b5 Kh7 27. Rad1 Bc8 28. g3 Qe7 29. Bg2 Bb7 30. Qc2 Qc7 31. a4 Nh5 32. Qf2 f6 33. Rd3 Ng7 34. Red1 Re7 35. Qd2 Red7 36. h4 Ne8 37. h5 Re7 38. hxg6+ Kg7 39. g4 Qd7 40. f5 Re5 41. Rh3 Kf8 42. Rxh6 Ng7 43. Rh8+ Ke7 44. Rh7 Rg8 45. Qh6 Kd8 46. g5 fxg5 47. f6 1-0